00573pab a2200169 454500008004000000100001800040245009400058260000900152300001600161362001100177650003300188650001600221773003400237909001000271999001700281952010500298180718b2007 xxu||||| |||| 00| 0 eng d aKumar, Parmod aContract farming through agribusiness firms and state corporation: a case study in Punjab c2007 ap.5367-375. a30 Dec aAgriculture - India - Punjab aAgriculture aEconomic and Political Weekly a72618 c72618d72618 00104070aIIPAbIIPAd2018-07-19hVolume no: 41, Issue no: 52pAR73078r2018-07-19w2018-07-19yAR